00641nam a2200181 a 4500001000500000005001700005008004100022020001800063050002600081100001600107245006800123260004900191300001600240650003100256650002600287999001900313952012700332293620140414131935.0051130s19uu xx 00 eng d a0-439-75459-3 aREF 636.088bP44 2005 aHarper, Don aPet dictionary :ban A to Z of animal companions /cDon Harper. aLondon :bAndromeda Children's Books,c2005. a64 p. ; cm. aPetsxJuvenile literature. aDomesticated animals. c112391d112391 00104050aMUbMUcREFd2005-11-30eDonationg375.00l0oREF 636.088 P44 2005pM3680r2014-04-14 00:00:00w2014-04-14yBK